000 02119cam a2200169 4500500
005 20260208001919.0
041 _afre
042 _adc
100 1 0 _aEmmanouilidou, Lina
_eauthor
245 0 0 _aChristel COURNIL, Chloé VLASSOPOYLOS (Coordinatrices), Mobilité Humaine et Environnement, du global au local, 2015, Quæ, 403 p.
260 _c2016.
500 _a41
520 _aAvec le « constitutionnalisme vert », la plupart des Constitutions intègrent des préoccupations relatives à l’environnement. Aux premiers abords, la Constitution malgache paraît d’avant-garde en la matière. Dès sa version originaire, en 1959, elle a eu des dispositions relatives à la préservation des ressources naturelles et de l’environnement. Ces dispositions sont régulièrement reprises par les différentes versions de la Constitution, jusqu’à celle actuellement en vigueur. La question se pose de savoir si cette constance de ces dispositions se traduit par une effectivité de la protection. Pour ce faire, l’engagement des autorités sera étudié à l’aune des répartitions des compétences et de la portée normative des dispositions constitutionnelles.
520 _aThe protection of the environment in the Constitution of MadagascarFrom the inception of Madagascar’s first Constitution, the Malagasy Constitution has always contained dispositions about natural resources and environmental protection. It could be considered a forefront among all the Constitutions which have greened themselves by adding environmental measures and concerns. However, the constancy of those dispositions in the Malagasy Constitution doesn’t automatically imply their effectiveness. It is necessary then to take a look at what length the authority engagements go. Which level of the State are main decisions taken ? Do the constitutional measures have a real legal scope ?
786 0 _nRevue juridique de l’environnement | Volume 41 | 1 | 2016-03-25 | p. 193a-195a | 0397-0299
856 4 1 _uhttps://droit.cairn.info/revue-juridique-de-l-environnement-2016-1-page-193a?lang=fr&redirect-ssocas=7080
999 _c1645653
_d1645653